00691cam a22002537a 4500003000500000005001700005008004100022010001000063011001000073020001500083035001000098040000900108110000800117245003400125260002400159300002000183410000800203490007700211650002300288650001800311700002300329810000800352830007700360CHAP20220817043705.0000727d1998 it a rn 00110 eng d a81864 a82836 a9290433906 a93341 cCHAP2 aFAO10aPotatoc/by Colin J. Jeffries aRome :bFAO,c1998. a177 p. :bilus. aFAO 0aFAO. IPGRI technical guidelines for the safe movement of germplasmv; 1914aPapaxGermoplasma.14aPapaxPlagas.0 aJeffries, Colin J.0 aFAO 0aFAO. IPGRI technical guidelines for the safe movement of germplasmv; 19